88 - Né(es) un 29 mars - Statistiques

Statistiques générales
  • Ce quiz a été pris 5 fois
  • Le résultat moyen est 4 sur 7
Statistiques - réponses
Hint Année de naissance Réponse % Correct
Footballeur franco-malien. Champion du monde en 2018. Joueur de Chelsea FC de 2016 à 2023. 1991 N'Golo Kanté
100%
Acteur franco-américain. Révélé dans "Greystoke, la légende de Tarzan". Meilleur acteur aux César pour son rôle dans "Subway". 1957 Christophe Lambert
75%
Réalisateur français d'"OSS 117 : Le Caire, nid d'espions" et "OSS 117 : Rio ne répond plus". 1967 Michel Hazanavicius
75%
Écrivain, dramaturge. Connu pour "La Table aux crevés", "La Jument verte", "La Vouivre", "Gustalin", "Les Contes du chat perché", "Le Passe-muraille", "La Rue sans nom", "Travelingue", "Uranus", "La Tête des autres", "Clérambard", "Derrière chez Martin", "La Belle Image", "Le Chemin des écoliers", "Lucienne et le boucher". 1902 Marcel Aymé
50%
Acteur américain connu pour avoir beaucoup tourné avec Bud Spencer. Vu dans "Le Guépard", "Django", prépare ton cercueil !", "On l'appelle Trinita", "On continue à l'appeler Trinita", "Mon nom est Personne", "Deux Super-flics". 1939 Terence Hill|Mario Girotti
50%
Mannequin et actrice australienne. Surnommée "The Body". 1964 Elle Macpherson
25%
10e président des États-Unis du 4 avril 1841 au 4 mars 1845. 1790 John Tyler
25%
Aucun quiz correspondant
Distribution des résultats
% des personnes avec chaque résultat
Percentile par nombre de réponses
Votre historique - résultats
Vous n’avez pas pris ce quiz